LEADER 01943nam a2200349 i 4500 001 000000089500 003 CaOOAMICUS 005 20030527000000.0 008 030527s1972 xx u000 u und u 013 $a61741 020 $a88-02- 040 $aSeMil$bita 245 10$aStoria delle idee politiche, economiche e sociali. :$bVolume quinto. L'etā della Rivoluzione industriale /$ca cura di Ottavio Barič a cura di Gian Bravo Mario a cura di Carlo Cipolla M. a cura di Umberto Meoli a cura di Ettore Passerin D'Entreves a cura di Silvia Rota Ghibaudi a cura di Fulvio Tessitore a cura di Francesco Traniello a cura di Gaetano Arfč. 260 $aTorino :$bUTET,$c1972. 300 $a919 p. 650 4$aEconomia.$0(OLS)http://semarc/subject/854 650 4$aPolitica.$0(OLS)http://semarc/subject/3044 650 4$aSocietā.$0(OLS)http://semarc/subject/1042 700 1 $aBarič, Ottavio,$d<1923-2021>.$0(OLS)http://semarc/name/40469 700 1 $aBravo, Gian Mario,$d<1934-2020>.$0(OLS)http://semarc/name/6188 700 1 $aCipolla, Carlo Maria <1922-2000>.$0(OLS)http://semarc/name/14274 700 1 $aMeoli, Umberto.$0(OLS)http://semarc/name/40470 700 1 $aArfč, Gaetano <1925-2007>.$0(OLS)http://semarc/name/5970 700 1 $aRota Ghibaudi, Silvia.$0(OLS)http://semarc/name/14792 700 1 $aTessitore, Fulvio,$d<1937- >.$0(OLS)http://semarc/name/2680 700 1 $aTraniello, Francesco,$d<1936- >.$0(OLS)http://semarc/name/602 700 1 $aPasserin d'Entrčves, Ettore <1914-1990>.$0(OLS)http://semarc/name/26952 850 $aSeMil 852 $aSeMil$W1$xVenegono$y1$m600 2 5 *$j52613$B52613$CSeMilBibl$Z2$F57100 $81 996 $6020$a88-02-$9(OLS)http://semarc/number/69502 996 $6245$aStoria delle idee politiche, economiche e sociali. :$bVolume quinto. L'etā della Rivoluzione industriale$9(OLS)http://semarc/title/135501 996 $6260$aTorino :$bUTET$9(OLS)http://semarc/publisher/29621 LEADER 01229nam a2200277 i 4500 001 000000124791 003 CaOOAMICUS 005 20250115102837.0 008 050927s1993 it u000 u ita u 013 $a97488 020 $a88-343-3667-4 040 $aSeMil$bita 100 1 $aBossi, Paolo.$0(OLS)http://semarc/name/51862 245 10$aEremi camaldolesi in Italia :$bLuoghi, Architettura, Spiritualitā /$cPaolo Bossi, Alessandro Ceratti. 260 $aMilano :$bVita e Pensiero,$cCopyr. 1993. 300 $a143 p. :$briccamente ill. ;$c32 cm. 650 4$aArchitettura monastica.$0(OLS)http://semarc/subject/7676 650 4$aCamaldolesi - Eremi - Italia.$0(OLS)http://semarc/subject/56953 700 1 $aCeratti, Alessandro.$0(OLS)http://semarc/name/51863 850 $aSeMil 852 $aSeMil$W1$xVenegono$y1$m3G VI 34$j79310$B79310$CSeMilBibl$Z2$F103802 $81 961 $aOmaggio: Martini Card. Carlo Maria 996 $6020$a88-343-3667-4$9(OLS)http://semarc/number/110602 996 $6245$aEremi camaldolesi in Italia :$bLuoghi, Architettura, Spiritualitā$9(OLS)http://semarc/title/183674 996 $6260$aMilano :$bVita e Pensiero$9(OLS)http://semarc/publisher/29642 LEADER 01114nam a2200265 i 4500 001 000000126435 003 CaOOAMICUS 005 20160608000000.0 008 160608s2004 it u000 u ita u 013 $a99141 020 $a88-514-0182-9 040 $aSeMil$bita 100 1 $aStevan, Sergio,$c.$0(OLS)http://semarc/name/40322 245 10$aEmmaus, i passi del risorto :$bmeditazioni per giovani in cammino /$cSergio Stevan ; Prefazione di Renato Corti. 260 $aMilano :$bĀncora,$ccopyr. 2004. 300 $a104 p. ;$c19 cm. 490 0 $aLa tenda 650 4$aGiovani - Meditazioni.$0(OLS)http://semarc/subject/18827 830 3$aLa tenda [Ancora].$0(OLS)http://semarc/title/17876 850 $aSeMil 852 $aSeMil$W1$xVenegono$y1$m3F IV 639$j80808$B80808$CSeMilBibl$Z2$F83171 $81 961 $aOmaggio: Bottani don Andrea 996 $6020$a88-514-0182-9$9(OLS)http://semarc/number/112615 996 $6245$aEmmaus, i passi del risorto :$bmeditazioni per giovani in cammino$9(OLS)http://semarc/title/186413 996 $6260$aMilano :$bĀncora$9(OLS)http://semarc/publisher/29763